000
00296nam a22001337a 4500
008
180914b xxu||||| |||| 00| 0 eng d
020
_a
0697001156
041
_a
eng
080
_a
159.9
100
_a
48
101
_a
PSI
245
_a
Gender And Communication
_c
Comelia.j
942
_2
udc
_c
BK
999
_c
47817
_d
47817